书目信息 |
| 题名: |
绿色制度创新论
|
|
| 作者: | 沈满洪, 著 | |
| 分册: | ||
| 出版信息: | 北京 中国环境科学出版社 2005 |
|
| 页数: | 439页 | |
| 开本: | 21cm | |
| 丛书名: | ||
| 单 册: | ||
| 中图分类: | X-01 | |
| 科图分类: | ||
| 主题词: | 环境保护--huan jing bao hu--制度--研究 | |
| 电子资源: | ||
| ISBN: | 7-80209-170-5 | |
| 000 | 01023nam0 2200301 450 | |
| 000 | 00986nam0 2200289 450 | |
| 000 | 00993nam0 2200301 450 | |
| 000 | 00939nam0 2200277 450 | |
| 000 | 01024nam0 2200301 450 | |
| 000 | 00987nam0 2200289 450 | |
| 001 | 012005000000 | |
| 005 | 20061027151742.06 | |
| 010 | @a7-80209-170-5@dCNY36.00 | |
| 100 | @a20051230d2005 em y0chiy0121 ea | |
| 101 | 0 | @achi |
| 102 | @aCN@b110000 | |
| 105 | @aa z 000yy | |
| 200 | 1 | @a绿色制度创新论@Alu^ se zhi du chuang xin lun@f沈满洪 ... 等著 |
| 210 | @a北京@c中国环境科学出版社@d2005 | |
| 215 | @a439页@c图@d21cm | |
| 304 | @a本书著者为: 沈满洪、蒋国俊、许云华等 | |
| 330 | @a本书分为六篇, 内容包括: 绿色制度创新总论; 生态保护补偿机制研究; 排污权交易制度研究; 水域占补平衡制度研究等。 | |
| 606 | 0 | @a环境保护@Ahuan jing bao hu@x制度@x研究 |
| 690 | @aX-01@v4 | |
| 701 | 0 | @a沈满洪,@Ashen man hong@f1963-@4著 |
| 801 | 0 | @aCN@c20061027 |
| 905 | @a10447@dX-01@eS400 | |
| 绿色制度创新论/沈满洪 ... 等著.-北京:中国环境科学出版社,2005 |
| 439页:图;21cm |
| ISBN 7-80209-170-5:CNY36.00 |
| 本书分为六篇, 内容包括: 绿色制度创新总论; 生态保护补偿机制研究; 排污权交易制度研究; 水域占补平衡制度研究等。 |
| ● |
| 相关链接 |
|
|
|
正题名:绿色制度创新论
索取号:X-01/S400
 
预约/预借
| 序号 | 登录号 | 条形码 | 馆藏地/架位号 | 状态 | 备注 |
| 1 | 631750 | 206317500 | 自科库501/501自科库 60排3列1层/ [索取号:X-01/S400] | 在馆 | |
| 2 | 631751 | 206317519 | 自科库501/501自科库 60排3列1层/ [索取号:X-01/S400] | 在馆 | |
| 3 | 631752 | 206317528 | 自科库501/501自科库 60排3列1层/ [索取号:X-01/S400] | 在馆 |